000 00614nam a2200193Ia 4500
003 GCL
008 140319s9999 xx 000 0 ara d
040 _aGCL /
_cGCL
082 0 4 _a894
_bب ق
100 1 _aدرينى خشبة
245 1 0 _aقصص من الاورال: العلبة الزمردية /
_cدرينى خشبة
700 1 _aبازهوف، ب
700 1 _aعمر رشدى
300 _a468 ص
490 _aالهيئة العامة للاستعلامات
_v0
650 0 4 _aالادب الاورالى المترجم
650 0 4 _aالقصص الاورالية القصيرة
942 _2ddc
_cBK
999 _c46904
_d46904